000 00356nam a2200145Ia 4500
008 230917s9999||||xx |||||||||||||| ||und||
040 _e215349
_aMAIN
041 _aEnglish
082 _a621.4021 S64E
100 _aSingal, R K
245 0 _aEngineering thermodynamics
260 _aNew Delhi
_bI K International
_c2013
300 _av. p.
942 _cBK
999 _c178791
_d178791